[Event "2. BUNDESLIGA MITTE 2017/2018"]
[Site "St. Valentin, Pinggau/Villach/Taufkirchen, Fuerstenfeld, St. Veit"]
[Date "2017.10.29"]
[Round "3"]
[Board "4"]
[White "Ennsberger, Ulrich"]
[Black "Danner, Georg"]
[Result "1/2-1/2"]
[WhiteElo "2267"]
[BlackElo "2316"]
[PlyCount "53"]
[EventDate "2017.10.27"]
[EventType "team"]
[EventRounds "11"]
[EventCountry "AUT"]
[WhiteTeam "UNION Ansfelden"]
[BlackTeam "SPG Sparkasse Pinggau-Friedberg"]

1. d4 Nf6 2. Nf3 e6 3. g3 b5 4. Bg2 Bb7 5. O-O c5 6. Bg5 Na6 7. c4 bxc4 8. Na3
c3 9. bxc3 cxd4 10. Nb5 Qa5 11. Bxf6 gxf6 12. Qxd4 Be7 13. Nd6+ Bxd6 14. Qxd6
Qc5 15. Qd3 Qc7 16. Rab1 Nc5 17. Qd4 Ke7 18. Rfd1 Rab8 19. Rb5 d6 20. Rdb1 Bc6
21. Rxb8 Rxb8 22. Rxb8 Qxb8 23. Qb4 Qb7 24. Kf1 Qb6 25. Kg1 Qb7 26. Kf1 Qb6 27.
Kg1  1/2-1/2

[Event "2. BUNDESLIGA MITTE 2017/2018"]
[Site "St. Valentin, Pinggau/Villach/Taufkirchen, Fuerstenfeld, St. Veit"]
[Date "2017.10.29"]
[Round "3"]
[Board "5"]
[White "Schieder, Andreas"]
[Black "Mostbauer, Florian"]
[Result "1/2-1/2"]
[WhiteElo "2237"]
[BlackElo "2307"]
[PlyCount "73"]
[EventDate "2017.10.27"]
[EventType "team"]
[EventRounds "11"]
[EventCountry "AUT"]
[WhiteTeam "SPG Sparkasse Pinggau-Friedberg"]
[BlackTeam "UNION Ansfelden"]

1. e4 c6 2. d3 d5 3. Nd2 g6 4. g3 Bg7 5. Bg2 dxe4 6. Nxe4 Nf6 7. Nxf6+ Bxf6 8.
h4 h5 9. Nh3 Bg4 10. Bf3 Bxf3 11. Qxf3 Qd5 12. Qe4 Nd7 13. O-O Ne5 14. f4 Ng4
15. Qxd5 cxd5 16. c3 e6 17. Nf2 Nh6 18. Kg2 Nf5 19. a4 Rc8 20. Ra3 Be7 21. Rb3
Rc7 22. Re1 Bc5 23. Nd1 O-O 24. Be3 Bxe3 25. Nxe3 Nxe3+ 26. Rxe3 Rd8 27. Re1
Kg7 28. Kf3 Kf6 29. Rb4 Rd6 30. Ra1 Ke7 31. Ra3 Kf6 32. a5 Kf5 33. Rba4 Rdd7
34. d4 Kf6 35. g4 hxg4+ 36. Kxg4 Re7 37. Rb4  1/2-1/2

[Event "2. BUNDESLIGA MITTE 2017/2018"]
[Site "St. Valentin, Pinggau/Villach/Taufkirchen, Fuerstenfeld, St. Veit"]
[Date "2017.10.29"]
[Round "3"]
[Board "6"]
[White "Windhager, Hannes"]
[Black "Reinwald, Patrick"]
[Result "1-0"]
[WhiteElo "2203"]
[BlackElo "2169"]
[PlyCount "77"]
[EventDate "2017.10.27"]
[EventType "team"]
[EventRounds "11"]
[EventCountry "AUT"]
[WhiteTeam "UNION Ansfelden"]
[BlackTeam "SPG Sparkasse Pinggau-Friedberg"]

1. d4 Nf6 2. Bf4 d5 3. e3 c5 4. c3 Nc6 5. Nd2 cxd4 6. exd4 Bf5 7. Qb3 Qd7 8.
Ngf3 a6 9. Be2 e6 10. O-O Be7 11. Rfe1 O-O 12. Ne5 Nxe5 13. dxe5 Ne4 14. Nxe4
Bxe4 15. Rad1 Qc7 16. Bd3 Bxd3 17. Rxd3 Rfc8 18. Qc2 Qc4 19. Rh3 g6 20. Qd2
Qxa2 21. Bg5 Bf8 22. Bh6 Rc7 23. Bg5 Rc4 24. Bf6 Qa4 25. Ree3 Re4 26. Rxe4 Qxe4
27. g3 Rc8 28. Rh4 Qf3 29. Bg5 Qf5 30. Bf6 Qf3 31. Bg5 Qf5 32. Bf6 b5 33. g4
Qf3 34. g5 Bg7 35. Rf4 Qh5 36. Qe3 Bxf6 37. gxf6 Qg5+ 38. Kf1 Rc4 39. Rxc4  1-0

[Event "2. BUNDESLIGA MITTE 2017/2018"]
[Site "St. Valentin, Pinggau/Villach/Taufkirchen, Fuerstenfeld, St. Veit"]
[Date "2017.11.24"]
[Round "4"]
[Board "1"]
[White "Riemelmoser, Franz"]
[Black "Freitag, Manfred"]
[Result "0-1"]
[WhiteElo "2346"]
[BlackElo "2374"]
[PlyCount "40"]
[EventDate "2017.10.27"]
[EventType "team"]
[EventRounds "11"]
[EventCountry "AUT"]
[WhiteTeam "ESV ASKOE Admira Villach"]
[BlackTeam "SPG Fuerstenfeld/Hartberg"]

1. c4 e5 2. g3 Nc6 3. Nc3 Bc5 4. Bg2 d6 5. e3 a6 6. Nge2 Ba7 7. O-O h5 8. d4 h4
9. b4 hxg3 10. fxg3 exd4 11. exd4 Nxb4 12. Ne4 Nc6 13. Rb1 f6 14. Be3 Nge7 15.
Qd3 O-O 16. Kh1 Rb8 17. Rf4 d5 18. Nxf6+ Rxf6 19. Rxf6 gxf6 20. Bxd5+ Kh8  0-1

[Event "2. BUNDESLIGA MITTE 2017/2018"]
[Site "St. Valentin, Pinggau/Villach/Taufkirchen, Fuerstenfeld, St. Veit"]
[Date "2017.11.24"]
[Round "4"]
[Board "2"]
[White "Poetz, Florian"]
[Black "Dappiano, Andrea"]
[Result "1/2-1/2"]
[WhiteElo "2385"]
[BlackElo "2310"]
[PlyCount "134"]
[EventDate "2017.10.27"]
[EventType "team"]
[EventRounds "11"]
[EventCountry "AUT"]
[WhiteTeam "SPG Fuerstenfeld/Hartberg"]
[BlackTeam "ESV ASKOE Admira Villach"]

1. e4 e6 2. d4 d5 3. Nc3 Bb4 4. e5 c5 5. a3 Bxc3+ 6. bxc3 Ne7 7. Nf3 Nbc6 8.
Bd3 Qa5 9. Bd2 c4 10. Be2 Bd7 11. h4 O-O-O 12. h5 h6 13. O-O f6 14. Re1 fxe5
15. Nxe5 Nxe5 16. dxe5 g5 17. hxg6 Nxg6 18. Bg4 Rdg8 19. Bh3 h5 20. Bg5 Qxc3
21. Re3 Qa5 22. Bf6 Rh7 23. Rg3 Ne7 24. Re3 Nc6 25. Kh1 d4 26. Re4 Qd5 27. Rh4
Be8 28. Qf3 Qxf3 29. Bxe6+ Bd7 30. Bxd7+ Kxd7 31. gxf3 Ke6 32. c3 Rd7 33. Rd1
Rd5 34. cxd4 c3 35. Rc1 Nxd4 36. Rxc3 Nf5 37. Rhc4 Rd1+ 38. Kh2 Rgg1 39. f4 Nh6
40. f5+ Kxf5 41. f3 Rge1 42. Rc8 Re2+ 43. Kg3 Rdd2 44. f4 Kg6 45. Kf3 Kf5 46.
Kg3 Rg2+ 47. Kh3 Rh2+ 48. Kg3 Ke4 49. R3c4+ Kf5 50. Bg5 Ng4 51. Rf8+ Kg6 52.
Rc3 Rdg2+ 53. Kf3 Nxe5+ 54. Ke4 Re2+ 55. Kd5 Nd7 56. Rg8+ Kf5 57. Kd6 Rd2+ 58.
Kc7 b6 59. Kb7 Nc5+ 60. Kxa7 Rd7+ 61. Kxb6 Na4+ 62. Kc6 Nxc3 63. Kxd7 Ra2 64.
Be7 Kxf4 65. Rh8 Nd5 66. Rxh5 Nxe7 67. Kxe7 Rxa3  1/2-1/2

[Event "2. BUNDESLIGA MITTE 2017/2018"]
[Site "St. Valentin, Pinggau/Villach/Taufkirchen, Fuerstenfeld, St. Veit"]
[Date "2017.11.24"]
[Round "4"]
[Board "3"]
[White "Reichmann, Egon"]
[Black "Kuba, Guenter"]
[Result "1-0"]
[WhiteElo "2265"]
[BlackElo "2336"]
[PlyCount "65"]
[EventDate "2017.10.27"]
[EventType "team"]
[EventRounds "11"]
[EventCountry "AUT"]
[WhiteTeam "ESV ASKOE Admira Villach"]
[BlackTeam "SPG Fuerstenfeld/Hartberg"]

1. d4 Nf6 2. Nf3 e6 3. c4 Bb4+ 4. Nbd2 b6 5. a3 Bxd2+ 6. Qxd2 Bb7 7. e3 O-O 8.
b4 d6 9. Bb2 Nbd7 10. Be2 Ne4 11. Qc2 f5 12. O-O Rf6 13. d5 Rg6 14. Nd4 Qg5 15.
g3 exd5 16. cxd5 Rc8 17. Rad1 Kh8 18. Ne6 Qe7 19. Nf4 Rh6 20. f3 Nef6 21. Qxf5
Qxe3+ 22. Kg2 Rf8 23. Bb5 Ne5 24. Ne6 Bc8 25. Bc1 Qb3 26. Bxh6 gxh6 27. Qb1
Qxb1 28. Rxb1 Bxe6 29. dxe6 Nd5 30. Rbe1 c6 31. f4 Ng4 32. Bxc6 Nde3+ 33. Kg1
 1-0

[Event "2. BUNDESLIGA MITTE 2017/2018"]
[Site "St. Valentin, Pinggau/Villach/Taufkirchen, Fuerstenfeld, St. Veit"]
[Date "2017.11.24"]
[Round "4"]
[Board "4"]
[White "Csonka, Attila"]
[Black "Frank, Paul"]
[Result "1-0"]
[WhiteElo "2378"]
[BlackElo "2217"]
[PlyCount "89"]
[EventDate "2017.10.27"]
[EventType "team"]
[EventRounds "11"]
[EventCountry "AUT"]
[WhiteTeam "SPG Fuerstenfeld/Hartberg"]
[BlackTeam "ESV ASKOE Admira Villach"]

1. e4 c5 2. Nf3 Nc6 3. d4 cxd4 4. Nxd4 g6 5. Nb3 Bg7 6. Be2 Nf6 7. Nc3 d6 8.
O-O O-O 9. Re1 a5 10. a4 Be6 11. Bf1 Bxb3 12. cxb3 Nb4 13. Bg5 Rc8 14. Qd2 h6
15. Bf4 g5 16. Bg3 Nh5 17. Re3 Qb6 18. Bc4 Nc6 19. Rd1 Nd4 20. Nd5 Qd8 21. Rd3
Nxg3 22. hxg3 Ne6 23. Qe2 Nc5 24. R3d2 Nd7 25. f4 gxf4 26. gxf4 Nb6 27. Ne3
Nxc4 28. bxc4 Qb6 29. Kh1 e6 30. Rxd6 Qb3 31. e5 Qxa4 32. Rd7 b5 33. f5 exf5
34. Qf3 Rce8 35. Nxf5 Rxe5 36. Nd6 Re3 37. Qd5 Qc2 38. Rxf7 Rxf7 39. Nxf7 Qxc4
40. Nxh6+ Kh8 41. Qh5 Rd3 42. Re1 Bxh6 43. Qxh6+ Kg8 44. Qg6+ Kh8 45. Re8+  1-0

[Event "2. BUNDESLIGA MITTE 2017/2018"]
[Site "St. Valentin, Pinggau/Villach/Taufkirchen, Fuerstenfeld, St. Veit"]
[Date "2017.11.24"]
[Round "4"]
[Board "5"]
[White "Frank, Dieter"]
[Black "Spindelboeck, Gernot"]
[Result "1/2-1/2"]
[WhiteElo "2185"]
[BlackElo "2218"]
[PlyCount "63"]
[EventDate "2017.10.27"]
[EventType "team"]
[EventRounds "11"]
[EventCountry "AUT"]
[WhiteTeam "ESV ASKOE Admira Villach"]
[BlackTeam "SPG Fuerstenfeld/Hartberg"]

1. e4 e6 2. d4 d5 3. Nd2 Nf6 4. e5 Nfd7 5. Bd3 c5 6. c3 Nc6 7. Ne2 cxd4 8. cxd4
f6 9. exf6 Nxf6 10. Nf3 Bd6 11. O-O Qc7 12. Bg5 O-O 13. Bh4 Bd7 14. Bg3 Kh8 15.
Re1 Bxg3 16. hxg3 e5 17. dxe5 Nxe5 18. Qc2 Qxc2 19. Bxc2 Rfe8 20. Ned4 Nxf3+
21. gxf3 Kg8 22. Bb3 Kf8 23. g4 h6 24. Rac1 Rxe1+ 25. Rxe1 Rc8 26. Kf1 a6 27.
Ke2 Re8+ 28. Kd2 Rxe1 29. Kxe1 Ke7 30. Kd2 Kd6 31. Bc2 g5 32. Bf5  1/2-1/2

[Event "2. BUNDESLIGA MITTE 2017/2018"]
[Site "St. Valentin, Pinggau/Villach/Taufkirchen, Fuerstenfeld, St. Veit"]
[Date "2017.11.24"]
[Round "4"]
[Board "6"]
[White "Hatzl, Johannes"]
[Black "Holzmann, Joerg"]
[Result "1/2-1/2"]
[WhiteElo "2068"]
[BlackElo "2189"]
[PlyCount "162"]
[EventDate "2017.10.27"]
[EventType "team"]
[EventRounds "11"]
[EventCountry "AUT"]
[WhiteTeam "SPG Fuerstenfeld/Hartberg"]
[BlackTeam "ESV ASKOE Admira Villach"]

1. e4 c5 2. c3 Nf6 3. e5 Nd5 4. d4 cxd4 5. cxd4 d6 6. Bc4 e6 7. Nf3 Nc6 8. O-O
Be7 9. Qe2 O-O 10. Nc3 Nxc3 11. bxc3 dxe5 12. dxe5 Qc7 13. Bd3 b6 14. Qe4 g6
15. Bh6 Rd8 16. Rad1 Bb7 17. Qf4 Rd7 18. Bb5 Rad8 19. Rde1 a6 20. Ng5 Bxg5 21.
Bxg5 f6 22. Bxf6 axb5 23. Bxd8 Qxd8 24. Qg4 Qe7 25. Re3 Nd8 26. a4 bxa4 27.
Qxa4 Bc6 28. Qg4 b5 29. h4 Nf7 30. Rb1 Nh6 31. Qf4 Nf5 32. Rh3 Qd8 33. Kh2 Rd3
34. Rxd3 Qxd3 35. Rc1 Qd5 36. f3 Qc4 37. Qxc4 bxc4 38. Kh3 Ne7 39. Ra1 Bd5 40.
Kg4 Nc6 41. Kf4 h6 42. Re1 Kf7 43. g4 Ke7 44. Re2 Nd8 45. h5 gxh5 46. gxh5 Nc6
47. Rg2 Nd8 48. Re2 Kf8 49. Ke3 Nc6 50. Kf4 Ne7 51. Rg2 Nf5 52. Rg6 Ke7 53. Rg1
Bc6 54. Rg6 Be8 55. Rg8 Kd7 56. Kg4 Ne3+ 57. Kf4 Nd5+ 58. Ke4 Nxc3+ 59. Kd4 Nd5
60. Kxc4 Bxh5 61. Rh8 Bxf3 62. Rxh6 Bg4 63. Kc5 Bf5 64. Rh5 Ne7 65. Rh1 Nc6 66.
Re1 Nd8 67. Rd1+ Kc7 68. Rg1 Nb7+ 69. Kd4 Kb6 70. Rf1 Nd8 71. Re1 Nc6+ 72. Kc4
Bg4 73. Rb1+ Kc7 74. Re1 Bf3 75. Kc5 Kd7 76. Re3 Bd5 77. Rd3 Ne7 78. Ra3 Kc7
79. Ra7+ Bb7 80. Rxb7+ Kxb7 81. Kd6 Nc6  1/2-1/2

[Event "2. BUNDESLIGA MITTE 2017/2018"]
[Site "St. Valentin, Pinggau/Villach/Taufkirchen, Fuerstenfeld, St. Veit"]
[Date "2017.11.24"]
[Round "4"]
[Board "1"]
[White "Buhmann, Rainer"]
[Black "Pilaj, Herwig"]
[Result "1-0"]
[WhiteElo "2589"]
[BlackElo "2346"]
[PlyCount "57"]
[EventDate "2017.10.27"]
[EventType "team"]
[EventRounds "11"]
[EventCountry "AUT"]
[WhiteTeam "SC MPOE Maria Saal 2"]
[BlackTeam "SC DieKlagenfurter"]

1. d4 g6 2. e4 d6 3. Nf3 Bg7 4. c3 Nf6 5. Bd3 Nc6 6. O-O e5 7. h3 h6 8. Re1 Nd7
9. Bc2 O-O 10. Na3 Nb6 11. Be3 Qe7 12. dxe5 Nxe5 13. Nd2 Qh4 14. f4 Bxh3 15.
fxe5 Bg4 16. Nf3 Qh5 17. Qd2 dxe5 18. Qf2 f5 19. exf5 gxf5 20. Bxb6 axb6 21.
Nxe5 Ra5 22. Qf4 Kh8 23. Bb3 Raa8 24. Nb5 c6 25. Nc7 Ra5 26. Ne6 Rg8 27. Nxg4
fxg4 28. Nxg7 Qc5+ 29. Kh1  1-0

[Event "2. BUNDESLIGA MITTE 2017/2018"]
[Site "St. Valentin, Pinggau/Villach/Taufkirchen, Fuerstenfeld, St. Veit"]
[Date "2017.11.24"]
[Round "4"]
[Board "2"]
[White "Genser, Harald"]
[Black "Kreisl, Robert"]
[Result "1/2-1/2"]
[WhiteElo "2296"]
[BlackElo "2406"]
[PlyCount "71"]
[EventDate "2017.10.27"]
[EventType "team"]
[EventRounds "11"]
[EventCountry "AUT"]
[WhiteTeam "SC DieKlagenfurter"]
[BlackTeam "SC MPOE Maria Saal 2"]

1. d4 d5 2. Bf4 c5 3. e3 Nf6 4. c3 Nc6 5. Nd2 Bf5 6. Qb3 Qd7 7. Ngf3 c4 8. Qd1
e6 9. Be2 h6 10. O-O Bd6 11. Bxd6 Qxd6 12. b3 cxb3 13. Qxb3 Rb8 14. c4 O-O 15.
Rfc1 Rfc8 16. h3 Na5 17. Qa4 Nxc4 18. Nxc4 dxc4 19. Rxc4 Rxc4 20. Qxc4 b5 21.
Qb3 Be4 22. Ne5 Bd5 23. Qb2 Nd7 24. Nxd7 Qxd7 25. Rc1 b4 26. Rc5 Qa4 27. Bc4
Bxc4 28. Rxc4 Qd1+ 29. Kh2 a5 30. Qb3 Qf1 31. Rc2 Qa6 32. Qa4 Rb5 33. Kg1 Rb8
34. Kh2 Rb5 35. Kg1 Rb8 36. Kh2  1/2-1/2

[Event "2. BUNDESLIGA MITTE 2017/2018"]
[Site "St. Valentin, Pinggau/Villach/Taufkirchen, Fuerstenfeld, St. Veit"]
[Date "2017.11.24"]
[Round "4"]
[Board "3"]
[White "Handler, Lukas"]
[Black "Petschar, Kurt"]
[Result "1/2-1/2"]
[WhiteElo "2392"]
[BlackElo "2269"]
[PlyCount "135"]
[EventDate "2017.10.27"]
[EventType "team"]
[EventRounds "11"]
[EventCountry "AUT"]
[WhiteTeam "SC MPOE Maria Saal 2"]
[BlackTeam "SC DieKlagenfurter"]

1. c4 c6 2. g3 d5 3. Bg2 Nf6 4. Nf3 Bg4 5. O-O e6 6. cxd5 exd5 7. d3 Bc5 8. h3
Bf5 9. Qc2 Nbd7 10. Nh4 Be6 11. e4 Qb6 12. Nc3 Be7 13. Kh2 h6 14. Nf3 dxe4 15.
dxe4 O-O 16. Be3 Qa5 17. Nd4 Qh5 18. Qe2 Qxe2 19. Ncxe2 Bc4 20. Rfc1 Ba6 21. f4
Nb6 22. Nf5 Rfe8 23. Nxe7+ Rxe7 24. Nc3 Rd7 25. Rd1 Nc4 26. Rxd7 Nxd7 27. Bc1
Rd8 28. b3 Ncb6 29. Be3 Nf6 30. Rd1 Rxd1 31. Nxd1 Kf8 32. Nc3 Nfd7 33. Kg1 f6
34. Kf2 Ke7 35. Bf3 Kd6 36. Ke1 Nc8 37. b4 b6 38. a4 Bc4 39. a5 c5 40. e5+ fxe5
41. Ne4+ Ke7 42. bxc5 exf4 43. gxf4 Bd5 44. cxb6 axb6 45. a6 Nf6 46. Nxf6 Bxf3
47. Ng4 Bc6 48. Bd4 h5 49. Ne3 g6 50. Nc2 Bg2 51. h4 Ke6 52. Kf2 Ba8 53. Nb4
Kf5 54. Kg3 Ke4 55. Bg1 Kf5 56. Nc2 Ke4 57. Nd4 Nd6 58. Ne6 b5 59. Nc7 Bc6 60.
Bc5 Nf5+ 61. Kh3 Kxf4 62. a7 g5 63. hxg5 Kxg5 64. Nxb5 Kf4 65. Nc7 Ke4 66. a8=Q
Bxa8 67. Nxa8 Kd5 68. Bf2  1/2-1/2

[Event "2. BUNDESLIGA MITTE 2017/2018"]
[Site "St. Valentin, Pinggau/Villach/Taufkirchen, Fuerstenfeld, St. Veit"]
[Date "2017.11.24"]
[Round "4"]
[Board "4"]
[White "Titz, Heimo"]
[Black "Halvax, Georg"]
[Result "0-1"]
[WhiteElo "2137"]
[BlackElo "2434"]
[PlyCount "106"]
[EventDate "2017.10.27"]
[EventType "team"]
[EventRounds "11"]
[EventCountry "AUT"]
[WhiteTeam "SC DieKlagenfurter"]
[BlackTeam "SC MPOE Maria Saal 2"]

1. Nf3 Nf6 2. c4 b6 3. g3 Bb7 4. Bg2 g6 5. b3 Bg7 6. Bb2 O-O 7. O-O c5 8. d4
cxd4 9. Nxd4 Bxg2 10. Kxg2 d5 11. cxd5 Qxd5+ 12. Nf3 Qb7 13. Nbd2 Nc6 14. a3
Rfd8 15. Rc1 Rac8 16. Rc2 e5 17. Qa1 Ne8 18. Rfc1 f6 19. b4 Ne7 20. Rxc8 Rxc8
21. Qa2+ Kf8 22. Rxc8 Qxc8 23. Qc4 Nd6 24. Qxc8+ Nexc8 25. e4 Ke7 26. Kf1 Ke6
27. Ke2 Ne7 28. Kd3 Bh6 29. Nc4 Nxe4 30. Kxe4 f5+ 31. Kd3 e4+ 32. Ke2 exf3+ 33.
Kxf3 Kd5 34. Ne3+ Bxe3 35. Kxe3 Kc4 36. Kf4 Kb3 37. Bc1 Kc2 38. Be3 Nd5+ 39.
Ke5 Nxe3 40. fxe3 Kd3 41. Kf4 b5 42. h4 h6 43. h5 gxh5 44. Kf3 a6 45. Kf4 Ke2
46. Kxf5 Kxe3 47. Kg6 Kf3 48. Kxh5 Kxg3 49. Kxh6 Kf4 50. Kg6 Ke5 51. Kf7 Kd5
52. Ke7 Kc4 53. Kd6 Kb3  0-1

[Event "2. BUNDESLIGA MITTE 2017/2018"]
[Site "St. Valentin, Pinggau/Villach/Taufkirchen, Fuerstenfeld, St. Veit"]
[Date "2017.11.24"]
[Round "4"]
[Board "5"]
[White "Rieger, Robert"]
[Black "Waldmann, Gerald"]
[Result "1/2-1/2"]
[WhiteElo "2296"]
[BlackElo "2122"]
[PlyCount "84"]
[EventDate "2017.10.27"]
[EventType "team"]
[EventRounds "11"]
[EventCountry "AUT"]
[WhiteTeam "SC MPOE Maria Saal 2"]
[BlackTeam "SC DieKlagenfurter"]

1. b3 d5 2. Bb2 Nf6 3. e3 c5 4. Nf3 a6 5. Ne5 g6 6. h4 h5 7. d4 Bg7 8. Nd2 cxd4
9. exd4 Bf5 10. Bd3 Bxd3 11. Nxd3 Nc6 12. Qe2 O-O 13. O-O-O Qa5 14. Kb1 Nb4 15.
Nxb4 Qxb4 16. f3 b5 17. g4 Qd6 18. Rdg1 Qf4 19. Rg2 Qd6 20. Nf1 hxg4 21. h5
Nxh5 22. Rxg4 Rfe8 23. Bc1 e5 24. Qg2 Nf6 25. Rgh4 exd4 26. Ng3 Re3 27. Nf5 Qe5
28. Nxe3 dxe3 29. Bb2 Qf5 30. Qh2 Nh5 31. Bxg7 Kxg7 32. Qg1 Rc8 33. R1h2 e2 34.
Rxe2 Qxf3 35. Qf2 Qg3 36. Qxg3 Nxg3 37. Reh2 Ne4 38. Rh7+ Kf6 39. Rh1 Rc7 40.
Rf1+ Ke6 41. Kb2 Re7 42. Rg7 g5  1/2-1/2

[Event "2. BUNDESLIGA MITTE 2017/2018"]
[Site "St. Valentin, Pinggau/Villach/Taufkirchen, Fuerstenfeld, St. Veit"]
[Date "2017.11.24"]
[Round "4"]
[Board "6"]
[White "Jakits, Leopold"]
[Black "Ertl, Johann"]
[Result "0-1"]
[WhiteElo "2128"]
[BlackElo "2310"]
[PlyCount "50"]
[EventDate "2017.10.27"]
[EventType "team"]
[EventRounds "11"]
[EventCountry "AUT"]
[WhiteTeam "SC DieKlagenfurter"]
[BlackTeam "SC MPOE Maria Saal 2"]

1. c4 Nf6 2. g3 g6 3. Bg2 Bg7 4. Nc3 d6 5. Nf3 O-O 6. O-O e5 7. d4 Nbd7 8. e4
a5 9. h3 exd4 10. Nxd4 Nc5 11. Re1 a4 12. Bf4 Nfd7 13. Ndb5 Ne5 14. Bxe5 Bxe5
15. f4 Bg7 16. e5 Bf5 17. exd6 c6 18. Nc7 Rc8 19. Ne4 Bxe4 20. Bxe4 a3 21. Qd2
Rxc7 22. Qf2 Qxd6 23. Rad1 Nxe4 24. Rxd6 Nxf2 25. Kxf2 axb2  0-1

[Event "2. BUNDESLIGA MITTE 2017/2018"]
[Site "St. Valentin, Pinggau/Villach/Taufkirchen, Fuerstenfeld, St. Veit"]
[Date "2017.11.24"]
[Round "4"]
[Board "1"]
[White "Kociscak, Jiri"]
[Black "Menezes, Christoph"]
[Result "1/2-1/2"]
[WhiteElo "2490"]
[BlackElo "2404"]
[PlyCount "99"]
[EventDate "2017.10.27"]
[EventType "team"]
[EventRounds "11"]
[EventCountry "AUT"]
[WhiteTeam "SV Steyregg"]
[BlackTeam "UNION Ansfelden"]

1. d4 Nf6 2. c4 e6 3. Nf3 d5 4. g3 Bb4+ 5. Bd2 Be7 6. Bg2 O-O 7. O-O c6 8. Qc2
Nbd7 9. Rd1 b6 10. Bf4 Ba6 11. b3 Rc8 12. Nc3 Nh5 13. Bc1 Nhf6 14. e4 dxc4 15.
Bf4 Bb4 16. Nd2 Qe7 17. Nxc4 Bxc4 18. bxc4 e5 19. dxe5 Nxe5 20. Ne2 Bc5 21. Nd4
Bxd4 22. Rxd4 Rcd8 23. Rad1 Rxd4 24. Rxd4 Re8 25. h3 h6 26. Qc3 c5 27. Rd2 Ng6
28. e5 Nxf4 29. gxf4 Nh5 30. Qe3 g5 31. fxg5 Qxg5 32. Qxg5+ hxg5 33. Rd7 Nf4
34. Bd5 Rxe5 35. Bxf7+ Kf8 36. Bd5 Nxh3+ 37. Kf1 Re7 38. Rd6 Nf4 39. Bf3 Rf7
40. Be4 Ke7 41. Rh6 Rf6 42. Rh7+ Kd6 43. Rxa7 Ke5 44. f3 Kd4 45. Kf2 g4 46.
Rd7+ Ke5 47. Re7+ Kd6 48. Rb7 Ke5 49. Re7+ Kd6 50. Rb7  1/2-1/2

[Event "2. BUNDESLIGA MITTE 2017/2018"]
[Site "St. Valentin, Pinggau/Villach/Taufkirchen, Fuerstenfeld, St. Veit"]
[Date "2017.11.24"]
[Round "4"]
[Board "2"]
[White "Felsberger, Alfred"]
[Black "Velicka, Petr"]
[Result "0-1"]
[WhiteElo "2336"]
[BlackElo "2412"]
[PlyCount "118"]
[EventDate "2017.10.27"]
[EventType "team"]
[EventRounds "11"]
[EventCountry "AUT"]
[WhiteTeam "UNION Ansfelden"]
[BlackTeam "SV Steyregg"]

1. e4 c6 2. d4 d5 3. Nc3 dxe4 4. Nxe4 Bf5 5. Ng3 Bg6 6. Nf3 e6 7. Bd3 Nf6 8.
O-O Bd6 9. Re1 O-O 10. c4 c5 11. Bxg6 hxg6 12. dxc5 Bxc5 13. Be3 Qb6 14. Bxc5
Qxc5 15. Qd4 Nbd7 16. Qxc5 Nxc5 17. Ne5 Rfd8 18. Kf1 Rd2 19. Re2 Rad8 20. Ke1
R2d4 21. b3 a5 22. Nf3 R4d6 23. Kf1 Kf8 24. Rc1 b6 25. h3 Ke8 26. Rc3 a4 27.
Ne5 Rd1+ 28. Re1 R8d2 29. Rxd1 Rxd1+ 30. Ke2 Ra1 31. bxa4 Rxa2+ 32. Kf3 Rxa4
33. Nf1 Nfe4 34. Rc2 g5 35. Ne3 f6 36. Nd3 Nxd3 37. Kxe4 Ne5 38. Kd4 b5 39. Kc5
bxc4 40. Kb5 Ra8 41. g3 Rb8+ 42. Ka4 Rc8 43. f4 gxf4 44. gxf4 Nd3 45. f5 e5 46.
Kb5 c3 47. Nd1 Nf4 48. Rxc3 Rxc3 49. Nxc3 Nxh3 50. Kc5 Nf4 51. Ne4 Ke7 52. Kc6
Ne2 53. Kd5 Nd4 54. Nd6 Kf8 55. Ke4 Kg8 56. Kd5 Kh7 57. Ke4 Kh6 58. Ne8 Nb5 59.
Kf3 Kh7  0-1

[Event "2. BUNDESLIGA MITTE 2017/2018"]
[Site "St. Valentin, Pinggau/Villach/Taufkirchen, Fuerstenfeld, St. Veit"]
[Date "2017.11.24"]
[Round "4"]
[Board "3"]
[White "Enoeckl, Philipp"]
[Black "Weiss, Christian"]
[Result "1/2-1/2"]
[WhiteElo "2298"]
[BlackElo "2378"]
[PlyCount "65"]
[EventDate "2017.10.27"]
[EventType "team"]
[EventRounds "11"]
[EventCountry "AUT"]
[WhiteTeam "SV Steyregg"]
[BlackTeam "UNION Ansfelden"]

1. d4 e6 2. e4 d5 3. e5 b6 4. c3 Qd7 5. h4 h5 6. Nf3 c5 7. Na3 Ba6 8. Bxa6 Nxa6
9. Qe2 Nc7 10. Nc2 Ne7 11. Bg5 Qb5 12. Qxb5+ Nxb5 13. a4 Nc7 14. Bxe7 Bxe7 15.
a5 Kd7 16. Ke2 Rhb8 17. Rhb1 c4 18. b4 cxb3 19. Rxb3 bxa5 20. Rxb8 Rxb8 21.
Rxa5 a6 22. g3 Rb2 23. Kd2 Kc6 24. Nfe1 g5 25. Nd3 Rb8 26. hxg5 Bxg5+ 27. Ke2
Be7 28. Ra1 Rh8 29. Nf4 Bg5 30. Nh3 Be7 31. Nf4 Bg5 32. Nh3 Be7 33. Nf4  1/2-1/2

[Event "2. BUNDESLIGA MITTE 2017/2018"]
[Site "St. Valentin, Pinggau/Villach/Taufkirchen, Fuerstenfeld, St. Veit"]
[Date "2017.11.24"]
[Round "4"]
[Board "4"]
[White "Moser, Guenter"]
[Black "Pierecker, Markus"]
[Result "1/2-1/2"]
[WhiteElo "2301"]
[BlackElo "2204"]
[PlyCount "64"]
[EventDate "2017.10.27"]
[EventType "team"]
[EventRounds "11"]
[EventCountry "AUT"]
[WhiteTeam "UNION Ansfelden"]
[BlackTeam "SV Steyregg"]

1. d4 d5 2. Nf3 Nf6 3. g3 Bg4 4. Bg2 e6 5. O-O c6 6. b3 Nbd7 7. Bb2 Be7 8. Nbd2
O-O 9. Ne5 Nxe5 10. dxe5 Nd7 11. h3 Bh5 12. g4 Bg6 13. f4 f6 14. exf6 Bxf6 15.
c3 Nc5 16. b4 Qb6 17. Kh1 Rad8 18. g5 Be7 19. Bc1 Ne4 20. Nxe4 dxe4 21. Qe1 Qb5
22. Be3 e5 23. a4 Qd5 24. Qg3 Bd6 25. f5 Rxf5 26. Rxf5 Bxf5 27. Bxa7 Qb3 28.
Qe3 Bc7 29. a5 g6 30. Rf1 Qc4 31. Bc5 Rd5 32. Re1 Bxa5  1/2-1/2

[Event "2. BUNDESLIGA MITTE 2017/2018"]
[Site "St. Valentin, Pinggau/Villach/Taufkirchen, Fuerstenfeld, St. Veit"]
[Date "2017.11.24"]
[Round "4"]
[Board "5"]
[White "Wiesinger, Robert"]
[Black "Knoll, Hermann"]
[Result "0-1"]
[WhiteElo "2201"]
[BlackElo "2333"]
[PlyCount "70"]
[EventDate "2017.10.27"]
[EventType "team"]
[EventRounds "11"]
[EventCountry "AUT"]
[WhiteTeam "SV Steyregg"]
[BlackTeam "UNION Ansfelden"]

1. e4 c5 2. Nf3 d6 3. d4 cxd4 4. Nxd4 Nf6 5. Nc3 a6 6. Be2 e5 7. Nb3 Be6 8. Bg5
Nbd7 9. O-O h6 10. Bxf6 Nxf6 11. Qd3 Be7 12. Nd5 Bxd5 13. exd5 O-O 14. c4 a5
15. Rfd1 a4 16. Nd2 Nd7 17. b4 axb3 18. axb3 Rxa1 19. Rxa1 f5 20. b4 e4 21. Qb3
Bf6 22. Rc1 Bd4 23. Rd1 Qb6 24. c5 dxc5 25. Nc4 Qf6 26. bxc5 Nxc5 27. Qh3 f4
28. Nd2 Kh8 29. Bc4 Re8 30. Kf1 Bxf2 31. Kxf2 Qd4+ 32. Kf1 e3 33. Qh5 Re5 34.
Qe2 exd2 35. Rxd2 Qc3  0-1